ბათუმის შოთა რუსთაველის სახელმწიფო უნივერსიტეტის ბიბლიოთეკა

საქართველოს ტურისტულ–რეკრეაციული რესურსები : (ბიბ.ჩანაწერი № 36744)

000 -ლიდერი
ფიქსირებული სიგრძის საკონტროლო ველი 01075nam a2200217Ia 4500
001 - საკონტროლო ნომერი
საკონტროლო ველი 2681
003 - საკონტროლო ნომრის იდენტიფიკატორი
საკონტროლო ველი GE_BSU
005 - ბოლო ოპერაციის თარიღი და დრო
საკონტროლო ველი 20211126101406.0
008 - ფიქსირებული სიგრძის მონაცემთა ელემენტები - ზოგადი ინფორმაცია
ფიქსირებული სიგრძის საკონტროლო ველი 181216s2010||||ge |||||||||||||| ||geo||
040 ## - კატალოგიზაციის წყარო
Transcribing agency GE_BSU
041 ## - ენის კოდი
Language code of text/sound track or separate title geo
080 ## - უნივერსალური ათობითი კლასიფიკაციის ინდექსი
Universal Decimal Classification number 338.48(075.8) ს–32
245 ## - ცნობა სათაურის შესახებ
Title საქართველოს ტურისტულ–რეკრეაციული რესურსები :
Remainder of title (დამხმარე სახელმძღვანელო) /
Statement of responsibility, etc ი. ჭავჭავაძის სახელმწ. უნ-ტის მეცნ. და ხელოვნ., ფილოს. და სოც. მეცნ. ფაკ-ტები, ტურიზმის მენეჯმენტის ცენტრი
264 ## - წარმოების, გამოცემის, დისტრიბუციის და სხვა ცნობები
გამოცემის, წარმოების, დისტრიბუციის... ადგილი თბილისი,
გამოცემის, წარმოების, დისტრიბუციის... თარიღი 2010.
300 ## - ფიზიკური აღწერა
Extent 58 გვ.
Other physical details 29სმ.
504 ## - BIBLIOGRAPHY, ETC. NOTE
Bibliography, etc ბიბლიოგრ.: გვ. 57-58
653 ## - INDEX TERM--UNCONTROLLED
Uncontrolled term ტურიზმი
653 ## - INDEX TERM--UNCONTROLLED
Uncontrolled term საქართველოს ტურისტული რესურსები
942 ## - ADDED ENTRY ELEMENTS (KOHA)
Koha item type წიგნი
Source of classification or shelving scheme
ეგზემპლარები
ჩამოწერის სტატუსი დაკარგული ეგზემპლარის სტატუსი კლასიფიკაციის წყარო ან თაროზე გაწყობის სქემა დაზიანების სტატუსი არ გაიცემა მუდმივი მდებარეობა (დაცვის ადგილი) ამჟამინდელი ადგილსამყოფელი თაროზე განთავსების ადგილი შეძენის თარიღი ღირებულება, შესყიდვის ნორმალური ფასი სრული შენახვის შიფრი შტრიხკოდი ბოლო ოპერაციის თარიღი ეგზემპლარის მიმდევრობითი ნომერი (კეტერი?) ფასის ძალაში შესვლის თარიღი ეგზემპლარის სახეობა საჯარო შენიშვნა
          ბათუმის შოთა რუსთაველის სახელმწიფო უნივერსიტეტის მთავარი ბიბლიოთეკა ბათუმის შოთა რუსთაველის სახელმწიფო უნივერსიტეტის მთავარი ბიბლიოთეკა წიგნსაცავი 2018-12-17 8.00 338.48(075.8) ს–32 1010 2018-12-17 1010 2018-12-17 წიგნი 8 ლ.